| 000 | 00812nam a2200265Ia 4500 | ||
|---|---|---|---|
| 001 | Para_6210 | ||
| 003 | CHAP | ||
| 008 | 220125s1959 xx 000 0 und d | ||
| 010 | _a202629 | ||
| 040 | _cCHAP | ||
| 082 | _aPA 595.7 B56 | ||
| 245 |
_aBiochemistry of insects / _c Edit. by L. Levenbook |
||
| 260 |
_aLondres : _b Pergamon Press : _b The International Union of Biochemistry |
||
| 300 | _a252 p. | ||
| 500 | _aProceedings of the fourth International Congress of Biochemistry | ||
| 650 |
_aInsectos _x bioquĂmica _958898 |
||
| 710 |
_aInternational Congress of Biochemistry (4: 1958: Viena) _9167948 |
||
| 901 | _aPA 595.7 B56 | ||
| 902 | _aA | ||
| 905 | _a0000001959 i 0000000000 00 | ||
| 910 | _a1959 | ||
| 942 | _cPARA | ||
| 942 |
_cPARA _d1 |
||
| 999 |
_c202629 _d202629 |
||